000 01345nam0a2200349 4500
001 RU\NLR\BIBL_A\022308867
005 20260420013905.0
010 _a978-5-04-1936-80
_92000
021 _aRU
_bКН-П-24-041831
_9КН-П-24-4147
035 _a(NLR Aleph) 022308867
090 _a13663903
_c13663903
100 _a20240828d2024 u y0rusy50 ca
101 1 _arus
_cfre
102 _aRU
105 _aac z 000yy
181 0 _ai2
_baxxe
181 0 _ab2
_bbb2e
182 0 _an
200 1 _aКорея. Феномен К-культуры
_fСимон Клэр
_g[перевод с французского В. В. Ефимовой]
203 _aТекст
_aИзображение
_bвизуальные
_cнепосредственные
210 _aМосква
_cБомбора
_cЭксмо
_d2024
215 _a254, [1] с.
_cцв. ил., портр.
_d31
225 1 _aK-POP
_eглавные книги о корейской культуре
320 _aБиблиогр.: с. 252
333 _a18+
606 1 _aМассовая культура
_jПопулярные издания
_yКорея, Республика
_92598696
_3RU\NLR\AUTH\6601744541
686 1 _aТ3(5КоЮ)63-7я9
700 1 _aКлэр
_bС.
_gСимон
942 _cBOOK
980 _aNB